Nicaragua: Junio 1978-Julio 1979 (Record no. 1705)
[ view plain ]
| 000 -LEADER | |
|---|---|
| campo de control de longitud fija | 00644nam a22001457a 4500 |
| 008 - DATOS DE LONGITUD FIJA--INFORMACIÓN GENERAL | |
| campo de control de longitud fija | 190118b xxu||||| |||| 00| 0 eng d |
| 020 ## - NÚMERO INTERNACIONAL ESTÁNDAR DEL LIBRO | |
| Número Internacional Estándar del Libro | 9788498013450 |
| 082 ## - NÚMERO DE LA CLASIFICACIÓN DECIMAL DEWEY | |
| Número de clasificación | 779.972.86 |
| Número de ítem | M515n |
| 100 ## - ENTRADA PRINCIPAL--NOMBRE DE PERSONA | |
| Nombre de persona | Meiselas, Susan |
| 9 (RLIN) | 6860 |
| 245 ## - MENCIÓN DEL TÍTULO | |
| Título | Nicaragua: Junio 1978-Julio 1979 |
| 260 ## - PUBLICACIÓN, DISTRIBUCIÓN, ETC. | |
| Lugar de publicación, distribución, etc. | Barcelona, España |
| Nombre del editor, distribuidor, etc. | Art Blume, S.L. |
| Fecha de publicación, distribución, etc. | 2008 |
| 300 ## - DESCRIPCIÓN FÍSICA | |
| Extensión | 104 p. |
| Otras características físicas | ill (col) |
| Dimensiones | 28,5 x 22,5 cm |
| 505 ## - NOTA DE CONTENIDO CON FORMATO | |
| Título | Junio 1978, Régimen de Somoza |
| -- | Septiembre 1978, Insurrección |
| -- | Junio 1979 - Julio 1979, Ofensiva Final |
| 650 ## - PUNTO DE ACCESO ADICIONAL DE MATERIA--TÉRMINO DE MATERIA | |
| Fuente del encabezamiento o término | Fotografía documental |
| Subdivisión de forma | Fotografía |
| -- | Nicaragua - Historia |
| -- | Nicaragua - Revolución 1979 |
| -- | Nicaragua - Fotografía documental |
| Subdivisión geográfica | Nicaragua |
| 9 (RLIN) | 6861 |
| Estatus retirado | Estado de pérdida | Fuente del sistema de clasificación o colocación | Estado de daño | No para préstamo | Biblioteca de origen | Biblioteca actual | Ubicación en estantería | Fecha de adquisición | Total de préstamos | Signatura topográfica completa | Código de barras | Visto por última vez | Precio de reemplazo | Tipo de ítem Koha |
|---|---|---|---|---|---|---|---|---|---|---|---|---|---|---|
| Clasificación Decimal Dewey | Biblioteca LadoV | Biblioteca LadoV | 18/01/2019 | 779.972.86 M515n | 004679 | 18/01/2019 | 18/01/2019 | Material 01 |
